000 00719nam a2200277Ia 4500
008 160321s9999||||xx |||||||||||||| ||und||
040 _cHindi
082 _aVIII.A/Sudarshnachary
082 _bBORI-83822
100 _aShree Sudarshanachary Shastri
245 _aSamudrik-Vidhnyan
260 _bChauravammba Sanskrut sansthan
260 _c1998
300 _a135
300 _cA
300 _ePaperback
530 _u00091686.pdf
563 _aStudy
600 _aShree Sudarshanachary Shastri
630 _aSamudrik-Vidhnyan
650 _aAstronomy/Astrology/maths
650 _aTechnical Science
700 _aShree Sudarshanachary Shastri
730 _aSamudrik-Vidhnyan
942 _cBOOK
999 _c1370821
_d1370818